التوصيف البيئى لمحافظة الاسكندرية 2007.
تتوجه إدارة شئون البيئة بديوان عام محافظة البحيرة بالشكر والتقدير لكل من جهاز شئون البيئة بالقاهرة والوكالة الدنماركية للتعاون الدولى، للدعم والتدريب والتوجيه الذى حظيت به الإدارة أثناء إعداد التوصيف البيئى....
Saved in:
| 企业作者: | , , |
|---|---|
| 格式: | 序列 |
| 语言: | 阿拉伯语 |
| 出版: |
القاهرة .
وزارة الدولة لشئون البيئة،
2007.
|
| 主题: | |
| 标签: |
添加标签
没有标签, 成为第一个标记此记录!
|
MARC
| LEADER | 00000nas a22000007a 4500 | ||
|---|---|---|---|
| 003 | INP | ||
| 005 | 20180712122826.0 | ||
| 008 | 150429uuuuuuuuuua |||| ||||i00| 0aara d | ||
| 952 | |0 0 |1 0 |4 0 |6 301_352000000000000_ت_و_2007 |7 0 |8 reports ar |9 11823 |a INP |b INP |c MAIN |d 2018-06-28 |l 0 |o 301.352 ت و 2007 |p 002830 |r 2022-03-28 00:00:00 |w 2018-06-28 |y REP |0 0 |0 0 |0 0 | ||
| 999 | |c 11303 |d 11303 | ||
| 040 | |a EG-INP |c EG-INP |b ara | ||
| 082 | 0 | 4 | |2 21 |a 301.352 |b ت و 2007 |
| 245 | 0 | 0 | |a التوصيف البيئى لمحافظة الاسكندرية 2007. |
| 260 | |a القاهرة . |b وزارة الدولة لشئون البيئة، |c 2007. | ||
| 300 | |a مج. : |b جداول ؛ |c 30 سم. | ||
| 500 | |a يبنى الوصف على عام 2007. | ||
| 520 | |a تتوجه إدارة شئون البيئة بديوان عام محافظة البحيرة بالشكر والتقدير لكل من جهاز شئون البيئة بالقاهرة والوكالة الدنماركية للتعاون الدولى، للدعم والتدريب والتوجيه الذى حظيت به الإدارة أثناء إعداد التوصيف البيئى. | ||
| 650 | 7 | |2 qrmak |a الهواء. | |
| 650 | 7 | |2 qrmak |a تلوث البيئة. | |
| 650 | 7 | |2 qrmak |a التلوث. | |
| 650 | 7 | |2 qrmak |a البيئة. | |
| 650 | 7 | |2 qrmak |a البيئة والإنسان. | |
| 710 | 2 | |a وزارة الدولة لشئون البيئة جهاز شنؤن البيئة. | |
| 710 | 2 | |a الوكالة الدانمركية للتعاون الدولى برنامج الدعم القطاعى للبيئة. | |
| 710 | 2 | |a محافظة الاسكندرية إدارة شئون البيئة. | |
| 901 | |a EGPV3 | ||
| 903 | |a original | ||
| 942 | |c REP |2 ddc | ||